| 000 | 01066nam0a22002891 4500 | ||
|---|---|---|---|
| 001 | RU\NLR\INFOCOMM_161\5000089464 | ||
| 005 | 20250613100805.0 | ||
| 035 | _a(NLR Aleph) 009358835 | ||
| 090 |
_a7849264 _c7849264 |
||
| 100 | _a20101202d1980 |||y0rusy50 ca | ||
| 101 | 1 |
_aeng _crus |
|
| 102 | _aRU | ||
| 105 | _ay ||||000|y | ||
| 200 | 1 |
_aDeveloped socialist society _eBasic features a. place in history _fF. Gelbuch, P. Lopata _g[Transl. from the Russ. by Lev Bobrov] |
|
| 210 |
_aM. _cProgress _d1980 |
||
| 215 |
_a123 с. _d20 см |
||
| 225 | 1 | _aSocialism today | |
| 300 | _aНа обороте тит. л.: Развитое социалистическое общество: Ист. место и основ. черты / Ф. Гельбух, П. Лопата | ||
| 686 |
_aА882 _2rubbk |
||
| 700 | 1 |
_9z01790 _aGel'buch _bF. N. _gFeliks Naumovič _4070 |
|
| 701 | 1 |
_aLopata _bP. P. _gPetr Petrovič _4070 |
|
| 790 | 1 |
_9z01700 _aGelbuch _bF. _4070 |
|
| 801 | 1 |
_aRU _bNLR _c20101202 |
|
| 801 | 0 |
_aRU _bNLR _gPSBO |
|
| 852 |
_aNLR _jД01 Д-3/510 |
||
| 942 | _cBOOK | ||
| 980 | _aNB | ||